[Event "Titled Tue 1st Jul Early"]
[Site "chess.com INT"]
[Date "2025.07.01"]
[Round "2"]
[White "Manvelyan, Mikayel"]
[Black "Mourao, Igor A.C.Lofredo"]
[Result "0-1"]
[WhiteTitle "FM"]
[WhiteElo "2362"]
[BlackElo "2177"]
[WhiteFideId "13310143"]
[BlackFideId "2102544"]
[EventDate "2025.07.01"]

1. e4 c5 2. Nf3 Nc6 3. d4 cxd4 4. Nxd4 g6 5. c4 Nf6 6. Nc3 Nxd4 7. Qxd4 d6 8.
Be3 Bg7 9. Be2 O-O 10. Qd2 a5 11. O-O a4 12. Rac1 Be6 13. f3 Qa5 14. Nd5 Qxd2
15. Nxe7+ Kh8 16. Bxd2 Rfe8 17. Nd5 Nxd5 18. cxd5 Bxd5 19. Bb5 Re5 20. Bxa4 Bxa2
21. Rc7 Rc5 22. Rxb7 Bd4+ 23. Kh1 Rxa4 24. Bh6 Rc8 25. b3 Raa8 26. Rd1 Bg7 27.
Bf4 Kg8 28. Bxd6 Rd8 29. Rd2 Be5 30. Bb4 Rxd2 31. Bxd2 Rd8 32. Be3 Rd1+ 33. Bg1
Bd4 34. h4 Bxg1 35. h5 gxh5 36. Rb5 Be3+ 37. Kh2 Bf4+ 38. g3 Bh6 39. Rxh5 Bf8
40. Rb5 Rd3 41. b4 Rxf3 42. Rb8 Kg7 43. b5 Bd6 44. Rb6 Bxg3+ 45. Kg2 Ra3 46. Ra6
Rxa6 47. bxa6 Bb8 48. e5 Be6 49. Kg3 Bxe5+ 50. Kf3 Bb8 51. Ke4 Ba7 52. Ke5 Bc8
53. Kd6 Bxa6 54. Ke5 Kg6 55. Kf4 h5 56. Kg3 Kg5 57. Kh3 h4 58. Kg2 Kg4 59. Kh2
Bd4 60. Kh1 Bb7+ 61. Kh2 Be5+ 62. Kg1 Kg3 63. Kf1 h3 64. Ke2 h2 65. Kd2 h1=Q 66.
Ke2 Qe4+ 67. Kd2 Kf3 68. Kd1 Bb8 69. Kc1 Qe2 70. Kb1 Ke3 71. Ka1 Kd3 72. Kb1 Kc3
73. Ka1 Qb2# 0-1

[Event "Titled Tue 1st Jul Early"]
[Site "chess.com INT"]
[Date "2025.07.01"]
[Round "2"]
[White "Lopez Rayo, Santiago"]
[Black "Borgaonkar, Akshay"]
[Result "1-0"]
[WhiteTitle "FM"]
[BlackTitle "FM"]
[WhiteElo "2350"]
[BlackElo "2452"]
[WhiteFideId "4455665"]
[BlackFideId "25639110"]
[EventDate "2025.07.01"]

1. e4 c5 2. Nf3 d6 3. d4 cxd4 4. Nxd4 Nf6 5. Nc3 Nc6 6. Bg5 Bd7 7. Qd2 Rc8 8. f4
Qa5 9. Nb3 Qb6 10. O-O-O Nb4 11. Bxf6 gxf6 12. Kb1 a5 13. a3 Nc6 14. Nd5 Qa7 15.
Bb5 a4 16. Nc1 Nb8 17. Qb4 Bc6 18. Ne2 Nd7 19. Nd4 e6 20. Nc3 Nc5 21. f5 e5 22.
Nxc6 bxc6 23. Bxa4 Qa6 24. Bb3 Be7 25. Qc4 Qxc4 26. Bxc4 Rg8 27. b4 Nd7 28. g3
Nb6 29. Bb3 Ra8 30. Kb2 Rg4 31. Rd3 h5 32. h3 Rg7 33. a4 Kd7 34. a5 Nc8 35. Ba4
Kc7 36. Ra1 Na7 37. Ne2 Rb8 38. Rb3 d5 39. exd5 cxd5 40. b5 Nc8 41. b6+ Nxb6 42.
axb6+ Rxb6 43. Rxb6 Kxb6 44. Bb3 d4 45. Bc4 Bb4 46. Kb3 Bd2 47. Bd3 Be3 48. Ra6+
Kc7 49. Be4 Bg5 50. Ra8 Be3 51. Kc4 Bf2 52. Ra7+ Kb6 53. Rb7+ Ka6 54. Rb8 Bxg3
55. Nxg3 Rxg3 56. Rf8 Rxh3 57. Rxf7 Rc3+ 58. Kd5 h4 59. Rxf6+ Kb5 60. Rh6 Rc5+
61. Ke6 d3 62. cxd3 Kb4 63. Rxh4 1-0

[Event "Titled Tue 1st Jul Early"]
[Site "chess.com INT"]
[Date "2025.07.01"]
[Round "2"]
[White "Logachiov, Aleksandr"]
[Black "Paltrinieri, Nicholas"]
[Result "0-1"]
[WhiteTitle "CM"]
[BlackTitle "FM"]
[WhiteElo "2129"]
[BlackElo "2359"]
[WhiteFideId "24123706"]
[BlackFideId "828262"]
[EventDate "2025.07.01"]

1. d4 g6 2. g3 Bg7 3. Bg2 d6 4. Nf3 Nf6 5. O-O O-O 6. c4 Nbd7 7. b3 c6 8. Bb2
Qc7 9. Qc2 b6 10. Nc3 Bb7 11. Nd2 e5 12. dxe5 dxe5 13. Rad1 Rfe8 14. Nce4 Rad8
15. Ba3 c5 16. Nc3 Bxg2 17. Kxg2 Qb7+ 18. e4 Nb8 19. Nd5 Nc6 20. Bb2 Nd4 21.
Bxd4 exd4 22. Qd3 Nd7 23. f4 Re6 24. Rde1 Rde8 25. Kg1 f6 26. Re2 Nb8 27. Rfe1
Nc6 28. Nf3 Bh6 29. a4 Kg7 30. h4 Kg8 31. Kh2 Bg7 32. Kg2 Kf7 33. Kh2 h5 34. f5
gxf5 35. exf5 Rxe2+ 36. Rxe2 Ne5 37. Nxe5+ Rxe5 38. Qf3 Kg8 39. Rxe5 fxe5 40. f6
Bf8 41. Qxh5 Qh7 42. Qg4+ Kh8 43. Qc8 Qf7 44. Qf5 Bd6 45. h5 e4 46. Qxe4 Qxh5+
47. Kg2 Kg8 48. Qe6+ Kh7 49. Qd7+ Kg6 50. Qe8+ Kg5 51. Qxh5+ Kxh5 52. Kf3 Kg6
53. Ke4 Bxg3 54. Ne7+ Kxf6 55. Nc6 Be1 56. Nxa7 Kg5 57. Nb5 Kg4 58. Kd3 Kf3 59.
Nd6 Ba5 60. Ne4 Kg2 61. Nd6 Kf1 62. Ne4 Ke1 63. Kc2 Ke2 64. Ng3+ Kf3 65. Nf5 Be1
66. Nd6 Ke2 67. Nf5 d3+ 68. Kb2 d2 69. a5 bxa5 70. b4 axb4 71. Nd4+ cxd4 72. Kb3
d1=Q+ 73. Ka2 Qc2+ 74. Ka1 Bc3# 0-1

[Event "Titled Tue 1st Jul Early"]
[Site "chess.com INT"]
[Date "2025.07.01"]
[Round "2"]
[White "Rogov, Matfey"]
[Black "Lopez Rayo, Isabella"]
[Result "1/2-1/2"]
[WhiteTitle "FM"]
[BlackTitle "WFM"]
[WhiteElo "2348"]
[BlackElo "1998"]
[WhiteFideId "44191308"]
[BlackFideId "4452755"]
[EventDate "2025.07.01"]

1. d4 d5 2. Bg5 c6 3. Nc3 Qb6 4. Rb1 Nf6 5. g3 Bf5 6. Bg2 Nbd7 7. Nf3 e6 8. O-O
Be7 9. e3 h6 10. Bxf6 Bxf6 11. Ne2 O-O 12. Nf4 e5 13. dxe5 Nxe5 14. Nh5 Nxf3+
15. Qxf3 Bxc2 16. Nxf6+ gxf6 17. Rbc1 Bd3 18. Qxf6 Bxf1 19. Bxf1 c5 20. Qf5 Qe6
21. Qf4 Rac8 22. Bd3 Rc6 23. Rd1 Qf6 24. Qg4+ Qg7 25. Qd7 Qxb2 26. Qf5 Qg7 27.
Qxd5 Qf6 28. Qe4 Rd8 29. Rb1 Rcd6 30. Be2 Rd2 31. Rxb7 Rxe2 32. Qg4+ Kf8 33.
Qxe2 Qc6 34. Rb1 c4 35. Rc1 c3 36. e4 Rd2 37. Qe3 Rxa2 38. Rxc3 Qf6 39. Kg2
Rxf2+ 40. Qxf2 Qxc3 41. Qxa7 Qc2+ 42. Kf3 Qxh2 43. Qb8+ Kg7 44. Qe5+ Kh7 45.
Qf5+ Kg8 46. Qc8+ Kg7 47. Qc3+ Kh7 48. Qd3 Qh5+ 49. Kg2 Qg6 50. Qf3 Kg7 51. Qf4
Qe6 52. Qe3 Kg6 53. Qf3 Qe5 54. Qe3 Qe6 55. Kf2 h5 56. Qd4 Qh3 57. Qh8 Qh2+ 58.
Kf3 Qh1+ 59. Ke3 Qe1+ 60. Kf3 Qd1+ 61. Ke3 Qc1+ 62. Kd3 Qb1+ 63. Ke3 Qe1+ 64.
Kf3 Qf1+ 65. Ke3 Qe1+ 1/2-1/2

[Event "Titled Tue 1st Jul Early"]
[Site "chess.com INT"]
[Date "2025.07.01"]
[Round "2"]
[White "Moldagali, Beksultan"]
[Black "Ibrahimli, Murad"]
[Result "1/2-1/2"]
[WhiteTitle "FM"]
[BlackTitle "IM"]
[WhiteElo "2397"]
[BlackElo "2438"]
[WhiteFideId "13734768"]
[BlackFideId "13410229"]
[EventDate "2025.07.01"]

1. e4 c6 2. d4 d5 3. Nc3 dxe4 4. Nxe4 Bf5 5. Ng3 Bg6 6. h4 h6 7. Nh3 e6 8. Nf4
Bh7 9. c3 Bd6 10. Ngh5 Kf8 11. Bc4 Nf6 12. Qf3 Be4 13. Qe2 Bd5 14. Bd3 c5 15.
Nxd5 exd5 16. Be3 c4 17. Bc2 Nc6 18. Qf3 Nxh5 19. Qxh5 Bc7 20. O-O Qd6 21. g3 g6
22. Qf3 Kg7 23. h5 Rad8 24. Rae1 Qf6 25. Qg4 Rhe8 26. Kg2 b5 27. hxg6 fxg6 28.
Rh1 Rh8 29. Bd2 h5 30. Qe6 Rd6 31. Qh3 Rf8 32. Rhf1 Qf7 33. Bf4 Rf6 34. Be3 Ne7
35. g4 hxg4 36. Qh6+ Kg8 37. Re2 Qg7 38. Qxg7+ Kxg7 39. Bg5 R6f7 40. Rxe7 Rxe7
41. Bxe7 Re8 42. Bg5 Re2 43. Rc1 g3 44. Be3 gxf2 45. Bxf2 Bf4 46. Bd1 Rxf2+ 47.
Kxf2 Bxc1 48. b3 b4 49. cxb4 c3 50. Bc2 Ba3 51. b5 Kf6 52. Ke3 Bd6 53. Kd3 Bb4
54. a3 Bxa3 55. Kxc3 Kg5 56. b4 Bc1 57. Bb3 Kf5 58. Bxd5 g5 59. Kc4 g4 60. Bb7
Be3 61. Kd5 Bd2 62. Kc4 Be3 63. Kc5 Kf4 64. Kc4 Kg3 65. d5 Kf4 66. d6 Ke5 67. d7
Bb6 68. Bc6 Kd6 69. Kd3 g3 70. Ke2 g2 71. Bxg2 Kxd7 72. Bc6+ Kd6 73. Kd3 Ke5 74.
Kc4 Kd6 75. Bb7 Ke5 76. Ba6 Kd6 77. Bb7 Ke5 78. Ba6 Kd6 79. Bb7 1/2-1/2

[Event "Titled Tue 1st Jul Early"]
[Site "chess.com INT"]
[Date "2025.07.01"]
[Round "2"]
[White "Galaktionov, Artem"]
[Black "Arslanov, Shamil"]
[Result "1/2-1/2"]
[WhiteTitle "FM"]
[BlackTitle "IM"]
[WhiteElo "2360"]
[BlackElo "2410"]
[WhiteFideId "24175471"]
[BlackFideId "4192826"]
[EventDate "2025.07.01"]

1. d4 e5 2. dxe5 d6 3. exd6 Bxd6 4. Nf3 Nc6 5. Bg5 f6 6. Bh4 Qe7 7. Bg3 Bc5 8.
e3 Bd7 9. Bxc7 g5 10. Nc3 g4 11. Nd5 Qf7 12. Nh4 Be6 13. Nf4 Bxa2 14. Nf5 Qxc7
15. Rxa2 Qe5 16. Qd5 Nb4 17. Bb5+ Kf8 18. Qxc5+ Qxc5 19. Ne6+ Kf7 20. Nxc5 Nxa2
21. Bc4+ Kg6 22. Nh4+ Kg5 23. g3 Nb4 24. c3 Nc6 25. Be6 h5 26. Ne4+ Kh6 27. h3
Re8 28. Bf5 Kg7 29. Nd6 Rd8 30. Ne4 Nge7 31. hxg4 hxg4 32. Bxg4 f5 33. Bxf5 Nxf5
34. Nxf5+ Kg6 35. Nh4+ Kf7 36. Ke2 Rhe8 37. Ng5+ Kf6 38. Nhf3 Kg6 39. Rh4 Ne5
40. Nxe5+ Rxe5 41. Nf3 Rb5 42. b4 a5 43. Nd4 Rbd5 44. bxa5 Rxa5 45. Rg4+ Kf6 46.
Re4 Rd6 47. Re8 Ra2+ 48. Kf3 Kf7 49. Rb8 Rf6+ 50. Ke4 Raxf2 51. Rxb7+ Kg6 52.
Re7 Rg2 53. Ne6 Kh6 54. Nf4 Rxg3 55. c4 Rg1 56. Nd5 Rc6 57. Rc7 Rxc7 58. Nxc7
Kg7 59. Kd5 Kf7 60. Nb5 Ke7 61. e4 Kd7 62. e5 Rd1+ 63. Nd4 Rc1 64. c5 Ke7 65. e6
Rc3 66. c6 Rc1 67. Nf5+ Kf6 68. Nd6 Ke7 69. Nf5+ Kf6 70. Nd4 Ke7 71. Nf5+ 1/2-1/2

[Event "Titled Tue 1st Jul Early"]
[Site "chess.com INT"]
[Date "2025.07.01"]
[Round "2"]
[White "Ishvi, Aggarwal"]
[Black "Germanovs, Georgijs"]
[Result "0-1"]
[WhiteTitle "WCM"]
[BlackTitle "CM"]
[WhiteElo "1954"]
[BlackElo "2260"]
[WhiteFideId "25728890"]
[BlackFideId "11609710"]
[EventDate "2025.07.01"]

1. d4 Nf6 2. c4 c5 3. d5 b5 4. cxb5 a6 5. bxa6 Bxa6 6. Nc3 d6 7. Nf3 g6 8. h3
Bg7 9. e4 Bxf1 10. Kxf1 Nbd7 11. g3 O-O 12. Kg2 Qa5 13. Rb1 Rfb8 14. Qc2 Ne8 15.
Bd2 Nc7 16. a3 c4 17. Ne2 Qa6 18. Ned4 Nc5 19. Rhc1 Nd3 20. Rf1 e6 21. dxe6 fxe6
22. Bc3 Rf8 23. Ng5 e5 24. Nde6 Nxe6 25. Nxe6 Qc6 26. f3 Rfc8 27. Nxg7 Kxg7 28.
Rbd1 d5 29. exd5 Qxd5 30. Qe2 Kg8 31. Qe4 Qb5 32. Rd2 Rd8 33. Rfd1 Rac8 34. h4
Rd6 35. Bxe5 Re6 36. f4 Rce8 37. Rxd3 cxd3 38. Qxd3 Qc6+ 39. Qd5 Qc2+ 40. Rd2
Qf5 41. Qd7 R8e7 42. Qc8+ Re8 43. Qc4 Qf7 44. Qd5 h5 45. Qf3 Rf8 46. Qd3 Rc8 47.
Qd5 Rce8 48. Qc4 Kh7 49. Qd5 Qf5 50. Qd3 Qf7 51. Rc2 R6e7 52. Rc6 Rd7 53. Qc2
Red8 54. Rc7 Rxc7 55. Qxc7 Qxc7 56. Bxc7 Rd2+ 57. Kf3 Rxb2 58. Bd6 Rb3+ 59. Kg2
Kg7 60. Kh3 Kf7 61. Bb4 Ke6 62. Kg2 Kf5 63. Bd6 Kg4 64. Kf2 Rf3+ 65. Ke2 Rxg3
66. f5 Rg2+ 67. Kf1 Rd2 68. fxg6 Rxd6 69. g7 Rg6 70. a4 Rxg7 71. a5 Ra7 72. a6
Rxa6 73. Kf2 Ra3 0-1

[Event "Titled Tue 1st Jul Early"]
[Site "chess.com INT"]
[Date "2025.07.01"]
[Round "2"]
[White "Dovgaliuk, Oleksandr"]
[Black "Leiva, Gianmarco"]
[Result "0-1"]
[BlackTitle "IM"]
[WhiteElo "2174"]
[BlackElo "2387"]
[WhiteFideId "14167247"]
[BlackFideId "3804399"]
[EventDate "2025.07.01"]

1. e4 c5 2. Nf3 d6 3. Nc3 Nf6 4. d4 cxd4 5. Nxd4 a6 6. Be3 e5 7. Nf3 Be7 8. Bc4
O-O 9. O-O Be6 10. Bb3 Nc6 11. Bg5 Na5 12. Bxf6 Bxf6 13. Bd5 Qc7 14. Qd3 Rac8
15. Rac1 Nc4 16. Qxc4 Qxc4 17. Bxc4 Rxc4 18. Rfd1 Be7 19. Nd2 Rc6 20. Nd5 Bxd5
21. exd5 Rc5 22. Ne4 Rc4 23. f3 Rfc8 24. c3 f5 25. Nd2 R4c7 26. a4 Bg5 27. Rc2
Be3+ 28. Kf1 Kf7 29. Ke2 Ba7 30. h3 h5 31. Rdc1 Kf6 32. b3 Kg5 33. Nc4 Rd8 34.
g3 h4 35. g4 g6 36. Kd3 Kf4 37. Rf1 Kg3 38. Rh1 b5 39. axb5 axb5 40. Nd2 Rc5 41.
Nf1+ Kf4 42. c4 bxc4+ 43. bxc4 Ra5 44. Rc3 Rb8 45. Nd2 Ra2 46. Nb3 Rf2 47. Nd2
Rb2 48. Rc2 Rxc2 49. Kxc2 Be3 50. Rd1 e4 51. gxf5 gxf5 52. fxe4 fxe4 53. Kc3 Bc5
54. Nb3 Rf3+ 55. Kc2 Bb4 56. c5 Ke5 57. c6 e3 58. c7 Rf8 59. Nd4 Kxd5 60. Kb3
Bc5 61. Nf5+ Kc6 62. c8=Q+ Rxc8 63. Ne7+ Kd7 64. Nxc8 Kxc8 65. Kc4 Kd7 66. Kd5
Bb4 67. Rg1 e2 68. Rg7+ Ke8 69. Rg8+ Kf7 70. Rg1 Kf6 71. Kc6 Kf5 72. Kd5 Kf4 73.
Rg4+ Kf3 74. Rg1 Bc5 75. Re1 Kf2 76. Rc1 e1=Q 0-1

[Event "Titled Tue 1st Jul Early"]
[Site "chess.com INT"]
[Date "2025.07.01"]
[Round "2"]
[White "Bluebaum, Matthias"]
[Black "Mohammadi, Melika"]
[Result "1/2-1/2"]
[WhiteTitle "GM"]
[BlackTitle "WFM"]
[WhiteElo "2660"]
[BlackElo "2244"]
[WhiteFideId "24651516"]
[BlackFideId "42529271"]
[EventDate "2025.07.01"]

1. d4 Nf6 2. c4 e6 3. Nc3 Bb4 4. e3 d5 5. Bd2 O-O 6. Nf3 c5 7. a3 Bxc3 8. Bxc3
cxd4 9. Nxd4 Ne4 10. Rc1 Nxc3 11. Rxc3 e5 12. Nf3 e4 13. Nd4 dxc4 14. Bxc4 Nd7
15. O-O Ne5 16. Be2 Qg5 17. Kh1 Bg4 18. Rc5 Bxe2 19. Qxe2 Qe7 20. Qc2 Nd3 21.
Rc7 Qf6 22. f4 Qb6 23. b3 Qa6 24. a4 Nb4 25. Qf2 Nd5 26. Rc4 Rad8 27. h3 h6 28.
Rfc1 Qb6 29. Qg3 Qf6 30. Ne2 Nb6 31. Rd4 Rxd4 32. Nxd4 Nd5 33. Kh2 Rd8 34. Rc4
Kh7 35. Qf2 Nb6 36. Rc5 Nd5 37. Qc2 Qe7 38. Nf5 Qe6 39. Ng3 Nxe3 40. Qxe4+ Qxe4
41. Nxe4 Rd4 42. Re5 f6 43. Nxf6+ gxf6 44. Rxe3 Rxf4 45. Re7+ Kg6 46. Rxb7 a5
47. Rb5 Rf5 48. Kg3 Rg5+ 49. Rxg5+ hxg5 50. Kf3 Kf5 51. g3 Ke5 52. Ke3 Kd5 53.
Kd3 f5 54. h4 f4 55. hxg5 fxg3 56. Ke3 Ke5 57. Kf3 Kf5 58. Kxg3 Kxg5 59. Kf3 Kf5
60. Ke3 Ke5 61. Kd3 Kd5 62. Kc3 Kc5 63. Kc2 Kd4 64. Kd2 Kc5 65. Kd3 Kd5 66. Ke3
Kc5 67. Kd2 Kb4 68. Kc2 Kc5 69. Kb2 Kb4 70. Kc2 Kc5 71. Kc3 Kd5 72. b4 axb4+ 73.
Kxb4 Kc6 74. Ka5 Kb7 75. Kb5 Ka8 76. Ka5 Kb8 77. Kb4 Ka8 78. Ka3 Kb8 79. Kb2 Ka8
80. a5 Kb8 81. Ka3 Ka8 82. Ka4 Kb8 83. Kb5 Ka8 84. a6 Kb8 85. Kb6 Ka8 86. a7 1/2-1/2

[Event "Titled Tue 1st Jul Early"]
[Site "chess.com INT"]
[Date "2025.07.01"]
[Round "2"]
[White "Aarit Kapil"]
[Black "Nihal, Sarin"]
[Result "0-1"]
[WhiteTitle "CM"]
[BlackTitle "GM"]
[WhiteElo "2020"]
[BlackElo "2692"]
[WhiteFideId "33408947"]
[BlackFideId "25092340"]
[EventDate "2025.07.01"]

1. e4 c6 2. d4 d5 3. e5 Bf5 4. h4 Qc8 5. f3 c5 6. g4 Bd7 7. c3 Nc6 8. a3 h5 9.
gxh5 cxd4 10. cxd4 Nxd4 11. Nc3 Qc5 12. Be3 Nc2+ 13. Qxc2 Qxe3+ 14. Qe2 Qxe2+
15. Ngxe2 e6 16. Ng3 Rc8 17. f4 Bc5 18. Be2 Nh6 19. Rf1 Be7 20. Rh1 a6 21. Kf2
O-O 22. Kg2 f6 23. Rad1 fxe5 24. fxe5 Rf4 25. Rdf1 Rxh4 26. Rxh4 Bxh4 27. Bd3
Bd8 28. Bg6 Bc7 29. Re1 Ng4 30. Nxd5 exd5 31. e6 Bc6 32. Nf5 d4+ 33. Kh3 Nf2+
34. Kh4 Kh8 35. e7 Be8 36. h6 Bxg6 37. hxg7+ Kh7 38. Nxd4 Kxg7 39. Ne6+ Kf6 40.
Nxc7 Rxc7 41. e8=Q Bxe8 42. Rxe8 Nd3 43. b4 Rc4+ 44. Kg3 Ne5 45. Rb8 Rc7 46. Kf4
Nc4 47. a4 Nb6 48. b5 a5 49. Ke4 Nxa4 50. Ra8 b6 51. Kd5 Nc3+ 52. Kd6 Nxb5+ 53.
Kd5 Rc5+ 54. Ke4 Ke6 55. Re8+ Kd7 56. Rh8 Nd6+ 57. Kd3 a4 58. Ra8 Ra5 59. Rh8 a3
60. Rh1 Kc6 61. Ra1 b5 62. Kc3 Kc5 63. Kb3 b4 64. Rc1+ Kb5 65. Rd1 Nb7 66. Rd5+
Nc5+ 67. Ka2 b3+ 68. Kb1 Ra4 69. Rd1 Rg4 70. Rc1 Rg2 71. Rf1 Kc4 72. Rc1+ Kb4
73. Rf1 a2+ 74. Ka1 Ka3 75. Rb1 Rg1 76. Rc1 b2# 0-1

[Event "Titled Tue 1st Jul Early"]
[Site "chess.com INT"]
[Date "2025.07.01"]
[Round "2"]
[White "Hobaica, Juan Pablo"]
[Black "Nurgaliyev, Sauat"]
[Result "1/2-1/2"]
[WhiteTitle "IM"]
[BlackTitle "IM"]
[WhiteElo "2386"]
[BlackElo "2404"]
[WhiteFideId "104159"]
[BlackFideId "13726285"]
[EventDate "2025.07.01"]

1. e4 c5 2. Nc3 d6 3. g3 g6 4. Bg2 Bg7 5. d3 Nc6 6. Be3 e6 7. Qd2 Nge7 8. Nh3
Nd4 9. Nd1 e5 10. Ng1 d5 11. c3 Ne6 12. Nf3 h6 13. Qc2 d4 14. Bd2 O-O 15. c4 f5
16. exf5 gxf5 17. Nh4 Kh7 18. O-O Bf6 19. Nf3 Bd7 20. b4 e4 21. Ne1 Rc8 22. Rb1
Bc6 23. dxe4 d3 24. Qxd3 Nd4 25. b5 Bxe4 26. Bxe4 fxe4 27. Qxe4+ Ng6 28. Ne3 Bg7
29. Kg2 Re8 30. Qxb7 Rc7 31. Qd5 Rd7 32. Qxc5 Ne6 33. Qf5 Rxd2 34. Nf3 Nd4 35.
Qd5 Nxf3 36. Qxf3 Rf8 37. Qg4 Qf6 38. Qe4 Rxf2+ 39. Kg1 Rxf1+ 40. Rxf1 Qd4 41.
Qxd4 Bxd4 42. Re1 Rf3 43. Kg2 Rxe3 44. Rd1 Bb6 45. Rd7+ Re7 46. Rd5 Rc7 47. a4
Rxc4 48. a5 Bxa5 49. Rd7+ Kg8 50. Rxa7 Bb6 51. Ra6 Bd4 52. Rxg6+ Kh7 53. Rg4
Rc2+ 54. Kh3 Bb6 55. Re4 Rc5 56. Re7+ Kg8 57. Re6 Rxb5 58. Rxh6 Kg7 59. Rh4 Bd8
60. Rg4+ Kh6 61. Rf4 Bg5 62. Rf3 Rb4 63. Kg2 Kg6 64. h4 Bf6 65. Kh3 Rb1 66. Re3
Rh1+ 67. Kg4 Ra1 68. Rf3 Ra4+ 69. Rf4 Ra5 70. Re4 Rb5 71. Re6 Rb4+ 72. Kh3 Kf5
73. Re3 Be5 74. Rf3+ Kg6 75. Re3 Rb5 76. Rf3 Rb1 77. Re3 Bd4 78. Rd3 Be5 79. Kg4
Rb4+ 80. Kh3 Rb1 81. Re3 Kf6 82. Rf3+ Kg6 83. Re3 1/2-1/2

[Event "Titled Tue 1st Jul Early"]
[Site "chess.com INT"]
[Date "2025.07.01"]
[Round "2"]
[White "Kim, Sergey"]
[Black "Kozionov, Kirill"]
[Result "1/2-1/2"]
[WhiteTitle "FM"]
[BlackTitle "IM"]
[WhiteElo "2295"]
[BlackElo "2442"]
[WhiteFideId "13700570"]
[BlackFideId "24101729"]
[EventDate "2025.07.01"]

1. d4 a6 2. c4 c6 3. Nc3 d5 4. e3 Nf6 5. Nf3 g6 6. cxd5 cxd5 7. Bd3 Bg7 8. O-O
O-O 9. h3 Nc6 10. a3 Bf5 11. Bxf5 gxf5 12. b4 Rc8 13. Bb2 e6 14. Na4 Ne4 15. Rc1
Kh8 16. Nc5 Nxc5 17. Rxc5 Bf6 18. Qd3 Rg8 19. Rfc1 Qd7 20. Qd2 Rg7 21. a4 Rcg8
22. Ne1 Qd8 23. Bc3 Ne7 24. b5 b6 25. Rc6 Nxc6 26. bxc6 Qc7 27. Bb4 Be7 28. f4
Rc8 29. Nd3 f6 30. Qb2 Rcg8 31. Ne1 a5 32. Ba3 Rc8 33. Nd3 Rcg8 34. Ne1 Bxa3 35.
Qxa3 e5 36. fxe5 fxe5 37. Qb2 e4 38. Qf2 Rf8 39. Qe2 Rg6 40. Qb5 Rd8 41. Rc2 Qg3
42. Kf1 Qc7 43. Kg1 Rgd6 44. Kf1 f4 45. exf4 Rf6 46. g3 Rg6 47. Kf2 e3+ 48. Kf3
Qe7 49. Qd3 Rdg8 50. g4 Rh6 51. Rh2 Qh4 52. Qxe3 Qd8 53. Qe5+ Rg7 54. Nd3 Rxc6
55. f5 Rc3 56. Rd2 Qf8 57. f6 Kg8 58. g5 Rf7 59. Kg4 Qc8+ 60. Qf5 Rc4 61. Qxc8+
Rxc8 62. Ne5 Rfc7 63. Kf5 Rc2 64. Rd3 Re8 65. Rb3 Rf2+ 66. Kg4 Rf8 67. Rxb6 Rg2+
68. Kf5 Rf2+ 69. Ke6 Ra2 70. Kxd5 Rxa4 71. Rb7 Rd8+ 72. Ke6 Raxd4 73. Rg7+ Kf8
74. Rf7+ Kg8 75. Rg7+ Kf8 76. Rf7+ Kg8 77. Rg7+ 1/2-1/2

[Event "Titled Tue 1st Jul Early"]
[Site "chess.com INT"]
[Date "2025.07.01"]
[Round "2"]
[White "Movahed, Sina"]
[Black "Smirnov, Mark"]
[Result "1-0"]
[WhiteTitle "GM"]
[BlackTitle "FM"]
[WhiteElo "2558"]
[BlackElo "2352"]
[WhiteFideId "42520835"]
[BlackFideId "13764594"]
[EventDate "2025.07.01"]

1. e4 d6 2. d4 Nf6 3. Bd3 e5 4. c3 Nbd7 5. Ne2 d5 6. exd5 Nxd5 7. O-O Bd6 8. c4
Nb4 9. Bf5 exd4 10. Nxd4 O-O 11. a3 Nc6 12. Nxc6 bxc6 13. Nc3 Ne5 14. Bxc8 Rxc8
15. b3 Qh4 16. h3 f5 17. Kh1 f4 18. f3 Rcd8 19. Ra2 Bb4 20. Qc2 Bxc3 21. Qxc3
Nf7 22. Re2 Ng5 23. Bb2 Rd7 24. Qe1 Qh6 25. Kh2 Qg6 26. Qf2 h6 27. Rfe1 Rff7 28.
a4 Qh5 29. h4 Nh7 30. Re5 Rf5 31. Re7 Rxe7 32. Rxe7 Rf7 33. Re5 Rf5 34. Rxf5
Qxf5 35. Qxa7 Nf8 36. Qd4 Ne6 37. Qe5 Qg6 38. Kg1 Kf7 39. h5 Qb1+ 40. Kh2 Qc2
41. a5 Qxb3 42. a6 Qa2 43. Qf5+ Ke7 44. Bc3 Qxa6 45. Qe4 Qb6 46. Bxg7 Kf7 47.
Qg6+ Ke7 48. Qf6+ Kd7 49. Qf7+ Kd6 50. Bxh6 Qe3 51. Bg7 Qe1 52. c5+ Kd5 53. Qf5+
Kc4 54. Qe4+ Qxe4 55. fxe4 Nxc5 56. h6 Nxe4 57. h7 f3 58. gxf3 Ng5 59. h8=Q
Nxf3+ 60. Kg3 Ne1 61. Qh4+ Kb3 62. Kf2 Nd3+ 63. Ke3 Nb4 64. Kd2 c5 65. Qg3+ Kc4
66. Qxc7 Kb5 67. Qb7+ Kc4 68. Bc3 Nd5 69. Qf7 1-0

[Event "Titled Tue 1st Jul Early"]
[Site "chess.com INT"]
[Date "2025.07.01"]
[Round "2"]
[White "Korchynskyi, Mykola"]
[Black "Aadit, Bhatia"]
[Result "1/2-1/2"]
[WhiteTitle "FM"]
[WhiteElo "2346"]
[BlackElo "2101"]
[WhiteFideId "34138005"]
[BlackFideId "25088955"]
[EventDate "2025.07.01"]

1. d4 d5 2. c4 c6 3. Nc3 Nf6 4. cxd5 cxd5 5. Bf4 a6 6. e3 Nc6 7. Nf3 Bf5 8. Bd3
Bxd3 9. Qxd3 e6 10. O-O Bd6 11. Bg5 O-O 12. Rac1 Rc8 13. Na4 h6 14. Bh4 Be7 15.
Nc5 Bxc5 16. Rxc5 g5 17. Bg3 Ne4 18. Rcc1 Qa5 19. Qb3 Qb5 20. Qxb5 axb5 21. Rfd1
Ra8 22. a3 Ra4 23. Ne5 Nxg3 24. hxg3 Nxe5 25. dxe5 Rc4 26. b3 Rxc1 27. Rxc1 Ra8
28. Rc5 Rxa3 29. Rxb5 Ra7 30. f4 Kf8 31. g4 gxf4 32. exf4 Ke7 33. Kf2 Kd7 34.
Rc5 Ra2+ 35. Kf3 Rb2 36. Rc3 b5 37. f5 b4 38. Rd3 Rc2 39. Rd1 Rc3+ 40. Kf4 Rxb3
41. Rh1 Rb2 42. Rxh6 Rxg2 43. Rh7 Ke7 44. f6+ Ke8 45. Rh8+ Kd7 46. Rf8 Rf2+ 47.
Kg5 b3 48. Rxf7+ Kc6 49. Rf8 Kc7 50. Rf7+ Kc6 51. Rf8 b2 52. Rb8 Kc7 53. Rb3 d4
54. Kg6 d3 55. f7 Rxf7 56. Rxb2 Rd7 57. Rd2 Rd4 58. Kf6 Kd7 59. g5 Rf4+ 60. Kg6
Rf3 61. Kh7 Ke7 62. g6 Re3 63. Kg7 Rh3 64. Rf2 Re3 65. Rd2 Rg3 66. Kh7 Rh3+ 67.
Kg7 Rh5 68. Rxd3 Rxe5 69. Rf3 Rg5 70. Rf7+ Kd6 71. Ra7 e5 72. Kf6 Rg1 73. g7
Rf1+ 74. Kg6 Rg1+ 75. Kh7 Rh1+ 76. Kg8 e4 77. Kf7 Rf1+ 78. Ke8 Rg1 79. Re7 Kd5
80. Kf8 Rf1+ 81. Rf7 Rg1 82. Re7 Kd4 83. g8=Q Rxg8+ 84. Kxg8 e3 85. Kf7 Kd3 86.
Kf6 e2 87. Kf5 Kd2 88. Kf4 e1=Q 89. Rxe1 Kxe1 1/2-1/2

[Event "Titled Tue 1st Jul Early"]
[Site "chess.com INT"]
[Date "2025.07.01"]
[Round "2"]
[White "Sahakyan, Aleks"]
[Black "Mahdavi, Reza"]
[Result "1/2-1/2"]
[WhiteTitle "IM"]
[BlackTitle "IM"]
[WhiteElo "2405"]
[BlackElo "2454"]
[WhiteFideId "13316338"]
[BlackFideId "12595926"]
[EventDate "2025.07.01"]

1. e4 e5 2. Nf3 Nc6 3. Bc4 Nf6 4. d3 h6 5. O-O g5 6. d4 d6 7. dxe5 dxe5 8. Qxd8+
Kxd8 9. Bxf7 Nxe4 10. Bd5 Nd6 11. Bxc6 bxc6 12. Nxe5 Bg7 13. Nxc6+ Kd7 14. Na5
Ba6 15. Rd1 Rae8 16. Nc3 Bxc3 17. bxc3 Re2 18. Nb3 Kc8 19. Nd4 Re4 20. Ba3 Nc4
21. Bc5 Re5 22. Bxa7 Kb7 23. Rab1+ Kxa7 24. Nc6+ Ka8 25. Nxe5 Nxe5 26. Rd5 Re8
27. f3 Ka7 28. Kf2 Ng6 29. Re1 Rb8 30. Ra5 Rb6 31. g3 Rc6 32. Ra3 Kb7 33. Re4
Rd6 34. Ke1 Kc8 35. Rb3 Bb7 36. Re8+ Kd7 37. Rg8 Bxf3 38. Rg7+ Kc6 39. c4 Bg4
40. c5 Re6+ 41. Kd2 Ne5 42. a4 Nf3+ 43. Kc3 Bf5 44. Kb2 g4 45. Rf7 Bg6 46. Rf4
h5 47. h4 Bh7 48. Rc3 Bg6 49. a5 Ne5 50. a6 Re8 51. a7 Ra8 52. Ra4 Kd5 53. Rb3
Nc6 54. Rb7 Kxc5 55. Rxc7 Kb6 56. Rxc6+ Kxc6 57. Ra6+ Kd5 58. Rxg6 Rxa7 59. Rg5+
Ke4 60. Rxh5 Kf3 61. Rg5 Kxg3 62. h5 Kf4 63. Rg6 Rh7 64. h6 Kf5 65. Ra6 g3 66.
Ra3 Kf4 67. Ra6 Kg5 68. Ra3 Kh4 69. Ra4+ Kh3 70. Ra6 g2 71. Rg6 Kh2 72. c4 g1=Q
73. Rxg1 Kxg1 74. Kc3 Kf2 75. Kd4 Kf3 76. c5 Kf4 77. Kd5 Kf5 78. c6 Rxh6 79. c7
Rh8 80. Kd6 Ke4 81. Kd7 Rh7+ 82. Kd6 Rxc7 83. Kxc7 1/2-1/2